MARC

LEADER 00000nam0a2200000 4500
001 316844
005 20231102002921.0
020 |a RU  |b 82-69387 
035 |a (RuTPU)RU\TPU\book\342312 
090 |a 316844 
100 |a 20160330d1982 m y0rusy5003 ca 
101 0 |a rus 
102 |a RU 
105 |a a j 001zy 
200 1 |a Электронные устройства автоматики  |e учебное пособие для вузов  |f Н. П. Удалов 
210 |a Москва  |c Машиностроение  |d 1982 
215 |a 288 с.  |c ил. 
320 |a Библиогр.: с. 284-285 
606 1 |a Авиационная электроавтоматика  |2 stltpush  |3 (RuTPU)RU\TPU\subj\140  |9 29167 
610 1 |a электронные приборы 
610 1 |a летательные аппараты 
610 1 |a автоматизация 
610 1 |a нелинейные резисторы 
610 1 |a диоды 
610 1 |a транзисторы 
610 1 |a тиристоры 
610 1 |a полевые транзисторы 
610 1 |a электровакуумные приборы 
610 1 |a оптоэлектронные приборы 
610 1 |a усилители 
610 1 |a триггеры 
610 1 |a модуляторы 
610 1 |a учебные пособия 
675 |a 629.73.05-52(075.8)  |z rus  |v 3 
700 1 |a Удалов  |b Н. П.  |g Николай Петрович  |4 070 
801 0 |a RU  |b RuMRKP  |c 19950704  |g psbo 
801 1 |a RU  |b 63413507  |c 20160330 
801 2 |a RU  |b 63413507  |c 20191220  |g RCR 
942 |c BK